It looks like you're offline.
Open Library logo
additional options menu

MARC record from Internet Archive

LEADER: 02208cam 2200541 a 4500
001 ocn368020853
003 OCoLC
005 20220805022833.0
008 090914s2010 onc b 001 0 eng
040 $aNLC$beng$cNLC$dBTCTA$dVP@$dYDXCP$dCQ#$dCDX$dNJR$dCNCBE$dOCLCF$dCNNWL$dCNUTO$dNLC$dCSAIL$dCNKUC$dOCLCO$dOCLCA$dLGG$dOCLCA$dOCLCO$dOCL
015 $a20099050056$2can
016 $a(AMICUS)000036268390
019 $a1057851360
020 $a9780307357274$q(bound) :
020 $a0307357279
035 $a(OCoLC)368020853$z(OCoLC)1057851360
050 4 $aBF637 C4$bH43 2010
055 02 $aBF637*
055 0 $aBF637 C4$bH415 2010
082 04 $a158.1$222
084 $acci1icc$2lacc
100 1 $aHeath, Chip.
245 10 $aSwitch :$bhow to change things when change is hard /$cChip Heath and Dan Heath.
260 $aToronto :$bRandom House Canada,$cc2010.
300 $a305 p. ;$c22 cm.
336 $atext$btxt$2rdacontent
337 $aunmediated$bn$2rdamedia
338 $avolume$bnc$2rdacarrier
504 $aIncludes bibliographical references and index.
505 0 $a1. Three surprises about change -- 2. Find the bright spots -- 3. Script the critical moves -- 4. Point to the destination -- 5. Find the feeling -- 6. Shrink the change -- 7. Grow your people -- 8. Tweak the environment -- 9. Build habits -- 10. Rally the herd -- 11. Keep the switch going.
650 0 $aChange (Psychology)
650 0 $aSelf-actualization (Psychology)
650 0 $aAdaptability (Psychology)
650 2 $aAdaptation, Psychological
650 6 $aChangement (Psychologie)
650 6 $aActualisation de soi.
650 6 $aAdaptation (Psychologie)
650 7 $aAdaptability (Psychology)$2fast$0(OCoLC)fst00796466
650 7 $aChange (Psychology)$2fast$0(OCoLC)fst00852062
650 7 $aSelf-actualization (Psychology)$2fast$0(OCoLC)fst01111481
700 1 $aHeath, Dan,$d1973-
938 $aYBP Library Services$bYANK$n3222120
938 $aCoutts Information Services$bCOUT$n10400955
938 $aBaker and Taylor$bBTCP$nBK0008392164
029 0 $aNLC$b000036268390
029 1 $aAU@$b000066256187
994 $aZ0$bIME
948 $hNO HOLDINGS IN IME - 83 OTHER HOLDINGS